000
00438nam a2200133Ia 4500
008
100328s9999 xx 000 0 und d
082
_b
20762
100
_a
जोशी विमल
245
_a
कोथिंबिरीची फुले
260
_b
लाटकर शकुंतला
630
_a
कोथिंबिरीची फुले
730
_a
कोथिंबिरीची फुले
942
_c
BOOK
999
_c
514854
_d
514851